000 01278cam a2200301 i 4500
001 16158
003 DO-SdUEMH
005 20260116142631.0
007 ta
008 211105s2000 dr a|||gr|||| 000 0 spa|d
040 _aDO-SdUEMH
_bspa
_erda
041 _aspa
082 1 4 _mRD
_aRD307.76729352 R426M
_bR426c
084 _b08-01027
100 _aCorral, Julio C.
_eaut
245 1 0 _aLineamientos de políticas de desarrollo urbano para la ciudad de Comendador /
_cJulio C. Corral, Rosa A. María, Niurka Gómez, Angela Malagón, Yoselín Céspedes ; prólogo: Mercedes Sabater de Macarrulla
246 _aComendador :
_blineamientos de políticas de desarrollo urbano
260 _c2000
264 0 1 _aSantiago de los Caballeros
_bCEUR / PUCMM,
_c2000
300 _a139 páginas :
_bilustraciones ;
_c28 cm.
336 _2rdacontent
_atexto
_btxt
337 _2rdamedia
_asin mediación
_bn
338 _2rdacarrier
_avolumen
_bnc
504 _aBibliografías en paginas 133-134
505 2 _aIntroducción -- La ciudad de Comendador en el contexto subregional San Juan de la Maguana–Comendador -- Caracterización de la ciudad de Comendador -- Perfil, escenarios, propuestas y lineamientos de políticas -- Bibliografía -- Anexos.
942 _2ddc
_cBK
_n0
999 _c16158
_d16158